Lazarillo de tormes /

Guardado en:
Autor Principal: Anónimo
Formato: Libro
Publicado: Argentina : Espasa Calpe, 1969
Edición:16a. ed.
Materias:
Etiquetas: Agregar Etiqueta
Sin Etiquetas, Sea el primero en etiquetar este registro!
LEADER 00525nam a22001935a 4500
001 CEM.cems000544
005 20060210000000.0
008 130507s1969##################000#0#####d
003 CEMS
082 0 4 |a 863.3 
100 1 |a Anónimo 
245 1 0 |a Lazarillo de tormes / 
250 |a 16a. ed. 
260 |a Argentina :  |b Espasa Calpe,  |c 1969 
300 |a 141 p. 
653 |a Literatura 
653 |a Novela espaÑola-siglo 16 
653 |a Novela picaresca espaÑola 
859 |a CEMS  |b BIB. CEMS - 11 de abril  |h 863.3  |i L456-3a16  |p 5895.77  |t Ej.1